000
00309nam a22001457a 4500
008
221005b ||||| |||| 00| 0 eng d
020
_a
691320931462
041
_a
eng
080
_a
616.12
082
_a
616.12
100
_a
11.2
101
_a
KARDIO
245
_a
The Heart
_c
HURST J W
942
_2
udc
_c
BK
999
_c
58340
_d
58340